Best Current NBA Players by Last Name - Statistics

General Stats
  • This quiz has been taken 5 times
  • The average score is 10 of 25
Answer Stats
Hint Answer % Correct
H James Harden
100%
T Jayson Tatum
100%
L Kawhi Leonard
100%
D Luka Doncic
100%
J Nikola Jokic
100%
W Victor Wembanyama
100%
E Anthony Edwards
50%
C Cade Cunningham
50%
A Giannis Antetokounmpo
50%
B Jalen Brunson
50%
I Kyrie Irving
50%
G Shai Gilgeous-Alexander
50%
M Tyrese Maxey
50%
S Alperen Sengun
0%
N Andrew Nembhard
0%
R Austin Reaves
0%
F De'Aaron Fox
0%
Q Immanuel Quickley
0%
Z Ivica Zubac
0%
K Kon Knueppel
0%
V Nikola Vucevic
0%
P Norman Powell
0%
O Onyeka Okongwu
0%
U Stanley Umude
0%
Y Trae Young
0%
No matching quizzes found
Score Distribution
Percent of People with Each Score
Percentile by Number Answered
Your Score History
You have not taken this quiz